000 00623nam a2200193Ia 4500
003 GCL
008 140319s9999 xx 000 0 ara d
040 _aGCL /
_cGCL
082 0 4 _a823.03
_bغ د
100 1 _aغرين، غريم
245 1 0 _aالرجل العاشر (هديه من الآديب عبدالفتاح الجمل) /
_cغرين، غريم
700 1 _aهادى الطائى
300 _a199
490 _aكتاب
_v0
650 0 4 _aالقصص الانجليزية المترجمة
650 0 4 _aالادب الانجليزى
650 0 4 _aالادب الانجليزى المترجم
942 _2ddc
_cBK
999 _c42083
_d42083